000 00535cam a2200205ua 4500
001 6475
005 20260515114045.0
008 131212n ii |||gr||||Z||||||eng
020 _a81-219-0377-7
040 _cMAIN
082 _a346.065
245 _aText book of Mercantile law :
_bCommercial law /
_cBy P.P.S. Gogna .
250 _a1st ed.
260 _aNew delhi:
_bS. Chand & Company ltd,
_c1988.
300 _aviii,900p.
653 _aCommerce
653 _aMercantile law
700 _aGogna,P.P.S.,
_eAuthor.
942 _cBK
999 _c5619
_d5619